000 00321nam a22001337a 4500
008 260317b |||||||| |||| 00| 0 eng d
020 _a9788119613083
040 _a02
100 _aGADGIL,GAURAV G.
245 _aA CONCISE BOOK OF BIOCHEMISTRY
260 _aNEW DELHI
_bIP INOVATIVE
_c2024
300 _a88
942 _c01
999 _c67285
_d67285